| 000 | 00558nam a2200193 a 4500 | ||
|---|---|---|---|
| 001 | 1461 | ||
| 003 | CDMR | ||
| 005 | 20131015095134.0 | ||
| 008 | 130130s1990||||||||||||||||||||||||||||d | ||
| 020 | _a8474924898 | ||
| 040 |
_aCDMR _bcat _cCDMR |
||
| 100 | 1 |
_aSantos Gayoso, Enrique _91111 |
|
| 245 | 1 | 0 |
_aHistoria de la prensa gallega, 1800-1986 _cEnrique Santos Gayoso |
| 260 |
_aLa Coruña _c1990 _bDo Castro |
||
| 300 | _a872, [90] p. | ||
| 490 | 0 |
_aCuadernos do Seminario de Sargadelos _v52 |
|
| 650 | 0 | 4 |
_93682 _aPremsa _zGalícia _xHistòria |
| 942 |
_cMON _2udc |
||
| 999 |
_c1461 _d1461 |
||